| 000 | 00573nam a2200121Ia 4500 | ||
|---|---|---|---|
| 008 | 171212s9999 xx 000 0 und d | ||
| 020 | _a9780833092946 | ||
| 100 | _aChandra, Anita;Acosta, Joie D.;Carman, Katherine Grace;Dubowitz, Tamara;Leviton, Laura | ||
| 245 |
_cChandra, Anita;Acosta, Joie D.;Carman, Katherine Grace;Dubowitz, Tamara;Leviton, Laura _aBuilding a National Culture of Health _bBackground, Action Framework, Measures, and Next Steps |
||
| 260 |
_bRAND Corporation _c2016 |
||
| 650 | _aHealth Sciences | ||
| 856 | _uhttp://jstor.org/stable/10.7249/j.ctt1b67wjh | ||
| 999 |
_c351809 _d351809 |
||